| 000 | 01087nam a22003617a 4500 | ||
|---|---|---|---|
| 001 | 0061882 | ||
| 003 | KOHA_MİRAKIL | ||
| 005 | 20260207004353.0 | ||
| 007 | ta | ||
| 008 | 180208b2004 tu |||gr||||#||||0|tur | | ||
| 020 | _a9756760206 | ||
| 040 |
_aTR-BiSEU _btur _cTR-BiSEU _erda |
||
| 041 | 0 | _atur | |
| 044 | _ctu | ||
| 050 |
_aQA371 _b.E74 2004 |
||
| 100 | 1 | _aEren, Şaban. | |
| 245 | 1 |
_aDiferansiyel denklemler/ _cŞaban Eren ; Şaban Eren, Mesut Razbonyalı. |
|
| 264 | 1 |
_aİstanbul : _bT.C. Maltepe Üniversitesi _c2004 |
|
| 300 | _a330 sayfa; 25 cm. | ||
| 336 |
_ametin _btxt _2rdacontent |
||
| 337 |
_aaracısız _bn _2rdamedia |
||
| 338 |
_acilt _bnc _2rdacarrier |
||
| 490 | 1 | _aT.C. | |
| 490 | 1 |
_aMaltepe Üniversitesi No ; _v18. |
|
| 490 | 1 |
_aMühendislikFakültessi No ; _v1. |
|
| 500 | _aKaynakça var. | ||
| 650 | 0 |
_aDiferansiyel denklemler. _91691 |
|
| 650 | 0 |
_aDifferential equations. _91690 |
|
| 830 | 1 |
_aT.C. _96297 |
|
| 830 | 1 |
_aMaltepe Üniversitesi No ; _v18. _9114864 |
|
| 830 | 1 |
_aMühendislikFakültessi No ; _v1. _9114865 |
|
| 942 |
_2lcc _cBK |
||
| 999 |
_c61679 _d61679 |
||